NLSUI OPAC header image

The code of civil procedure (V of 1908)Vol.I (Record no. 1022)

MARC details
000 -LEADER
fixed length control field 00422nam a2200157Ia 4500
008 - FIXED-LENGTH DATA ELEMENTS--GENERAL INFORMATION
fixed length control field 160316s1977 xxu||||| |||| 00| 0 eng d
082 ## - DEWEY DECIMAL CLASSIFICATION NUMBER
Classification number 347.050000
Item number CHI-I
100 ## - MAIN ENTRY--PERSONAL NAME
Personal name Chitaley D V
245 ## - TITLE STATEMENT
Title The code of civil procedure (V of 1908)Vol.I
250 ## - EDITION STATEMENT
Edition statement 9th.
260 ## - PUBLICATION, DISTRIBUTION, ETC.
Place of publication, distribution, etc. Nagpur
Name of publisher, distributor, etc. All India Reporter Pvt. Ltd.
Date of publication, distribution, etc. 1977
300 ## - PHYSICAL DESCRIPTION
Extent 981p
Other physical details
Dimensions
365 ## - TRADE PRICE
Price amount Gratis
650 ## - SUBJECT ADDED ENTRY--TOPICAL TERM
Topical term or geographic name entry element 1.Civil Procedure
700 ## - ADDED ENTRY--PERSONAL NAME
Personal name Bakhle V B
--
Holdings
Withdrawn status Lost status Damaged status Not for loan Home library Current library Shelving location Date acquired Total Checkouts Full call number Barcode Date last seen Date last checked out Price effective from Koha item type
        . . NAB Compactor 30.05.2017 1 347.05 CHI-I 1046 16.08.2022 16.08.2022 30.05.2017 BOOKs